Normal view
MARC view
Entry Personal Name
001 - CONTROL NUMBER
- control field: 1157158
003 - CONTROL NUMBER IDENTIFIER
- control field: OSt
005 - DATE AND TIME OF LATEST TRANSACTION
- control field: 20260324120059.0
008 - FIXED-LENGTH DATA ELEMENTS
- fixed length control field: 260324|| aca||aabn | a|a d
040 ## - CATALOGING SOURCE
- Original cataloging agency: OSt
- Transcribing agency: OSt
100 ## - HEADING--PERSONAL NAME
- Personal name: Steven J. Stroessner; Jeffrey W. Sherman
670 ## - SOURCE DATA FOUND
- Source citation: Work cat.: (OSt)1748482: Steven J. Stroessner; Jeffrey W. Sherman, Social Perception from Individuals to Groups
